<?xml version="1.0" encoding="UTF-8"?>
<record
    xmlns:xsi="http://www.w3.org/2001/XMLSchema-instance"
    xsi:schemaLocation="http://www.loc.gov/MARC21/slim http://www.loc.gov/standards/marcxml/schema/MARC21slim.xsd"
    xmlns="http://www.loc.gov/MARC21/slim">

  <leader>00883    a2200241   4500</leader>
  <controlfield tag="001">116886</controlfield>
  <datafield tag="020" ind1=" " ind2=" ">
    <subfield code="a">9788535631708</subfield>
  </datafield>
  <datafield tag="020" ind1=" " ind2=" ">
    <subfield code="q">(broch.)</subfield>
  </datafield>
  <datafield tag="041" ind1=" " ind2=" ">
    <subfield code="a">por</subfield>
  </datafield>
  <datafield tag="082" ind1=" " ind2=" ">
    <subfield code="a">028.5</subfield>
  </datafield>
  <datafield tag="100" ind1=" " ind2=" ">
    <subfield code="a">Dugnani, Patr&#xED;cio</subfield>
  </datafield>
  <datafield tag="240" ind1="1" ind2="0">
    <subfield code="l">Portugu&#xEA;s</subfield>
  </datafield>
  <datafield tag="250" ind1=" " ind2=" ">
    <subfield code="a">3. ed.</subfield>
  </datafield>
  <datafield tag="490" ind1=" " ind2=" ">
    <subfield code="a">Ponte do saber. S&#xE9;rie</subfield>
  </datafield>
  <datafield tag="650" ind1=" " ind2="4">
    <subfield code="a">Literatura infantojuvenil</subfield>
  </datafield>
  <datafield tag="856" ind1=" " ind2=" ">
    <subfield code="u">000027/00002738.jpg</subfield>
  </datafield>
  <datafield tag="040" ind1=" " ind2=" ">
    <subfield code="a">BR-FlUSC</subfield>
    <subfield code="c">BR-FlUSC</subfield>
    <subfield code="d">BR-BrIDEA</subfield>
  </datafield>
  <datafield tag="090" ind1=" " ind2=" ">
    <subfield code="a">AP Year 1 028</subfield>
    <subfield code="b">DUG</subfield>
  </datafield>
  <datafield tag="245" ind1="1" ind2="0">
    <subfield code="a">Belel&#xE9;u e as cores</subfield>
    <subfield code="c">Patr&#xED;cio Dugnani autor e ilustrador</subfield>
  </datafield>
  <datafield tag="260" ind1=" " ind2=" ">
    <subfield code="a">S&#xE3;o Paulo</subfield>
    <subfield code="b">Paulinas</subfield>
    <subfield code="c">2012                                                                                                                                                                                                                                                           </subfield>
  </datafield>
  <datafield tag="300" ind1=" " ind2=" ">
    <subfield code="a">32 p.</subfield>
    <subfield code="b">il. color</subfield>
    <subfield code="c">20 cm</subfield>
  </datafield>
  <datafield tag="942" ind1=" " ind2=" ">
    <subfield code="c">BK</subfield>
  </datafield>
  <datafield tag="952" ind1=" " ind2=" ">
    <subfield code="0">0</subfield>
    <subfield code="1">0</subfield>
    <subfield code="2">ddc</subfield>
    <subfield code="4">0</subfield>
    <subfield code="7">0</subfield>
    <subfield code="a">12.28</subfield>
    <subfield code="b">12.28</subfield>
    <subfield code="d">2020-12-10</subfield>
    <subfield code="l">0</subfield>
    <subfield code="o">P Year 1 028 DUG</subfield>
    <subfield code="p">00052056SSW</subfield>
    <subfield code="r">2024-01-23 14:59:01</subfield>
    <subfield code="w">2024-01-23</subfield>
    <subfield code="y">BK</subfield>
  </datafield>
  <datafield tag="952" ind1=" " ind2=" ">
    <subfield code="0">0</subfield>
    <subfield code="1">0</subfield>
    <subfield code="2">ddc</subfield>
    <subfield code="4">0</subfield>
    <subfield code="7">0</subfield>
    <subfield code="a">12.28</subfield>
    <subfield code="b">12.28</subfield>
    <subfield code="d">2020-12-10</subfield>
    <subfield code="l">0</subfield>
    <subfield code="o">P Year 1 028 DUG</subfield>
    <subfield code="p">00052057SSW</subfield>
    <subfield code="r">2024-01-23 14:59:01</subfield>
    <subfield code="w">2024-01-23</subfield>
    <subfield code="y">BK</subfield>
  </datafield>
  <datafield tag="952" ind1=" " ind2=" ">
    <subfield code="0">0</subfield>
    <subfield code="1">0</subfield>
    <subfield code="2">ddc</subfield>
    <subfield code="4">0</subfield>
    <subfield code="7">0</subfield>
    <subfield code="a">12.28</subfield>
    <subfield code="b">12.28</subfield>
    <subfield code="d">2020-12-10</subfield>
    <subfield code="l">2</subfield>
    <subfield code="o">P Year 1 028 DUG</subfield>
    <subfield code="p">00052058SSW</subfield>
    <subfield code="r">2024-06-20 19:52:00</subfield>
    <subfield code="s">2024-06-13</subfield>
    <subfield code="w">2024-01-23</subfield>
    <subfield code="y">BK</subfield>
  </datafield>
  <datafield tag="952" ind1=" " ind2=" ">
    <subfield code="0">0</subfield>
    <subfield code="1">0</subfield>
    <subfield code="2">ddc</subfield>
    <subfield code="4">0</subfield>
    <subfield code="7">0</subfield>
    <subfield code="a">12.28</subfield>
    <subfield code="b">12.28</subfield>
    <subfield code="d">2020-12-10</subfield>
    <subfield code="l">0</subfield>
    <subfield code="o">P Year 1 028 DUG</subfield>
    <subfield code="p">00052059SSW</subfield>
    <subfield code="r">2024-01-23 14:59:01</subfield>
    <subfield code="w">2024-01-23</subfield>
    <subfield code="y">BK</subfield>
  </datafield>
  <datafield tag="952" ind1=" " ind2=" ">
    <subfield code="0">0</subfield>
    <subfield code="1">0</subfield>
    <subfield code="2">ddc</subfield>
    <subfield code="4">0</subfield>
    <subfield code="7">0</subfield>
    <subfield code="a">12.28</subfield>
    <subfield code="b">12.28</subfield>
    <subfield code="d">2020-12-10</subfield>
    <subfield code="l">0</subfield>
    <subfield code="o">P Year 1 028 DUG</subfield>
    <subfield code="p">00052060SSW</subfield>
    <subfield code="r">2024-01-23 14:59:01</subfield>
    <subfield code="w">2024-01-23</subfield>
    <subfield code="y">BK</subfield>
  </datafield>
  <datafield tag="952" ind1=" " ind2=" ">
    <subfield code="0">0</subfield>
    <subfield code="1">0</subfield>
    <subfield code="2">ddc</subfield>
    <subfield code="4">0</subfield>
    <subfield code="7">0</subfield>
    <subfield code="a">12.28</subfield>
    <subfield code="b">12.28</subfield>
    <subfield code="d">2020-12-10</subfield>
    <subfield code="l">1</subfield>
    <subfield code="o">P Year 1 028 DUG</subfield>
    <subfield code="p">00052061SSW</subfield>
    <subfield code="r">2024-04-08 14:05:06</subfield>
    <subfield code="s">2024-04-01</subfield>
    <subfield code="w">2024-01-23</subfield>
    <subfield code="y">BK</subfield>
  </datafield>
  <datafield tag="952" ind1=" " ind2=" ">
    <subfield code="0">0</subfield>
    <subfield code="1">0</subfield>
    <subfield code="2">ddc</subfield>
    <subfield code="4">0</subfield>
    <subfield code="7">0</subfield>
    <subfield code="a">12.28</subfield>
    <subfield code="b">12.28</subfield>
    <subfield code="d">2020-12-10</subfield>
    <subfield code="l">0</subfield>
    <subfield code="o">P Year 1 028 DUG</subfield>
    <subfield code="p">00052062SSW</subfield>
    <subfield code="r">2024-01-23 14:59:01</subfield>
    <subfield code="w">2024-01-23</subfield>
    <subfield code="y">BK</subfield>
  </datafield>
  <datafield tag="952" ind1=" " ind2=" ">
    <subfield code="0">0</subfield>
    <subfield code="1">0</subfield>
    <subfield code="2">ddc</subfield>
    <subfield code="4">0</subfield>
    <subfield code="7">0</subfield>
    <subfield code="a">12.28</subfield>
    <subfield code="b">12.28</subfield>
    <subfield code="d">2020-12-10</subfield>
    <subfield code="l">0</subfield>
    <subfield code="o">P Year 1 028 DUG</subfield>
    <subfield code="p">00052063SSW</subfield>
    <subfield code="r">2024-01-23 14:59:01</subfield>
    <subfield code="w">2024-01-23</subfield>
    <subfield code="y">BK</subfield>
  </datafield>
  <datafield tag="952" ind1=" " ind2=" ">
    <subfield code="0">0</subfield>
    <subfield code="1">0</subfield>
    <subfield code="2">ddc</subfield>
    <subfield code="4">0</subfield>
    <subfield code="7">0</subfield>
    <subfield code="a">12.28</subfield>
    <subfield code="b">12.28</subfield>
    <subfield code="d">2020-12-10</subfield>
    <subfield code="l">0</subfield>
    <subfield code="o">P Year 1 028 DUG</subfield>
    <subfield code="p">00052064SSW</subfield>
    <subfield code="r">2024-01-23 14:59:01</subfield>
    <subfield code="w">2024-01-23</subfield>
    <subfield code="y">BK</subfield>
  </datafield>
  <datafield tag="952" ind1=" " ind2=" ">
    <subfield code="0">0</subfield>
    <subfield code="1">0</subfield>
    <subfield code="2">ddc</subfield>
    <subfield code="4">0</subfield>
    <subfield code="7">0</subfield>
    <subfield code="a">12.28</subfield>
    <subfield code="b">12.28</subfield>
    <subfield code="d">2020-12-10</subfield>
    <subfield code="l">0</subfield>
    <subfield code="o">P Year 1 028 DUG</subfield>
    <subfield code="p">00052065SSW</subfield>
    <subfield code="r">2024-01-23 14:59:01</subfield>
    <subfield code="w">2024-01-23</subfield>
    <subfield code="y">BK</subfield>
  </datafield>
  <datafield tag="952" ind1=" " ind2=" ">
    <subfield code="0">0</subfield>
    <subfield code="1">0</subfield>
    <subfield code="2">ddc</subfield>
    <subfield code="4">0</subfield>
    <subfield code="7">0</subfield>
    <subfield code="a">12.28</subfield>
    <subfield code="b">12.28</subfield>
    <subfield code="d">2020-12-10</subfield>
    <subfield code="l">0</subfield>
    <subfield code="o">P Year 1 028 DUG</subfield>
    <subfield code="p">00052066SSW</subfield>
    <subfield code="r">2024-01-23 14:59:01</subfield>
    <subfield code="w">2024-01-23</subfield>
    <subfield code="y">BK</subfield>
  </datafield>
  <datafield tag="952" ind1=" " ind2=" ">
    <subfield code="0">0</subfield>
    <subfield code="1">0</subfield>
    <subfield code="2">ddc</subfield>
    <subfield code="4">0</subfield>
    <subfield code="7">0</subfield>
    <subfield code="a">12.28</subfield>
    <subfield code="b">12.28</subfield>
    <subfield code="d">2020-12-10</subfield>
    <subfield code="l">0</subfield>
    <subfield code="o">P Year 1 028 DUG</subfield>
    <subfield code="p">00052067SSW</subfield>
    <subfield code="r">2024-01-23 14:59:01</subfield>
    <subfield code="w">2024-01-23</subfield>
    <subfield code="y">BK</subfield>
  </datafield>
  <datafield tag="952" ind1=" " ind2=" ">
    <subfield code="0">0</subfield>
    <subfield code="1">0</subfield>
    <subfield code="2">ddc</subfield>
    <subfield code="4">0</subfield>
    <subfield code="7">0</subfield>
    <subfield code="a">12.27</subfield>
    <subfield code="b">12.27</subfield>
    <subfield code="d">2020-12-01</subfield>
    <subfield code="l">0</subfield>
    <subfield code="o">AP Year 1 028 DUG</subfield>
    <subfield code="p">00051759AGC</subfield>
    <subfield code="r">2024-01-23 14:59:01</subfield>
    <subfield code="w">2024-01-23</subfield>
    <subfield code="y">BK</subfield>
  </datafield>
  <datafield tag="952" ind1=" " ind2=" ">
    <subfield code="0">0</subfield>
    <subfield code="1">0</subfield>
    <subfield code="2">ddc</subfield>
    <subfield code="4">0</subfield>
    <subfield code="7">0</subfield>
    <subfield code="a">12.27</subfield>
    <subfield code="b">12.27</subfield>
    <subfield code="d">2020-12-01</subfield>
    <subfield code="l">0</subfield>
    <subfield code="o">AP Year 1 028 DUG</subfield>
    <subfield code="p">00051760AGC</subfield>
    <subfield code="r">2024-01-23 14:59:01</subfield>
    <subfield code="w">2024-01-23</subfield>
    <subfield code="y">BK</subfield>
  </datafield>
  <datafield tag="952" ind1=" " ind2=" ">
    <subfield code="0">0</subfield>
    <subfield code="1">0</subfield>
    <subfield code="2">ddc</subfield>
    <subfield code="4">0</subfield>
    <subfield code="7">0</subfield>
    <subfield code="a">12.27</subfield>
    <subfield code="b">12.27</subfield>
    <subfield code="d">2020-12-01</subfield>
    <subfield code="l">1</subfield>
    <subfield code="o">AP Year 1 028 DUG</subfield>
    <subfield code="p">00051761AGC</subfield>
    <subfield code="r">2024-07-25 17:40:15</subfield>
    <subfield code="s">2024-05-21</subfield>
    <subfield code="w">2024-01-23</subfield>
    <subfield code="y">BK</subfield>
  </datafield>
  <datafield tag="952" ind1=" " ind2=" ">
    <subfield code="0">0</subfield>
    <subfield code="1">0</subfield>
    <subfield code="2">ddc</subfield>
    <subfield code="4">0</subfield>
    <subfield code="7">0</subfield>
    <subfield code="a">12.27</subfield>
    <subfield code="b">12.27</subfield>
    <subfield code="d">2020-12-01</subfield>
    <subfield code="l">1</subfield>
    <subfield code="o">AP Year 1 028 DUG</subfield>
    <subfield code="p">00051762AGC</subfield>
    <subfield code="r">2024-07-25 17:44:37</subfield>
    <subfield code="s">2024-05-21</subfield>
    <subfield code="w">2024-01-23</subfield>
    <subfield code="y">BK</subfield>
  </datafield>
  <datafield tag="952" ind1=" " ind2=" ">
    <subfield code="0">0</subfield>
    <subfield code="1">0</subfield>
    <subfield code="2">ddc</subfield>
    <subfield code="4">0</subfield>
    <subfield code="7">0</subfield>
    <subfield code="a">12.27</subfield>
    <subfield code="b">12.27</subfield>
    <subfield code="d">2020-12-01</subfield>
    <subfield code="l">1</subfield>
    <subfield code="o">AP Year 1 028 DUG</subfield>
    <subfield code="p">00051763AGC</subfield>
    <subfield code="r">2024-07-25 17:41:21</subfield>
    <subfield code="s">2024-05-21</subfield>
    <subfield code="w">2024-01-23</subfield>
    <subfield code="y">BK</subfield>
  </datafield>
  <datafield tag="952" ind1=" " ind2=" ">
    <subfield code="0">0</subfield>
    <subfield code="1">0</subfield>
    <subfield code="2">ddc</subfield>
    <subfield code="4">0</subfield>
    <subfield code="7">0</subfield>
    <subfield code="a">12.27</subfield>
    <subfield code="b">12.27</subfield>
    <subfield code="d">2020-12-01</subfield>
    <subfield code="l">0</subfield>
    <subfield code="o">AP Year 1 028 DUG</subfield>
    <subfield code="p">00051764AGC</subfield>
    <subfield code="r">2024-01-23 14:59:01</subfield>
    <subfield code="w">2024-01-23</subfield>
    <subfield code="y">BK</subfield>
  </datafield>
  <datafield tag="952" ind1=" " ind2=" ">
    <subfield code="0">0</subfield>
    <subfield code="1">0</subfield>
    <subfield code="2">ddc</subfield>
    <subfield code="4">0</subfield>
    <subfield code="7">0</subfield>
    <subfield code="a">12.27</subfield>
    <subfield code="b">12.27</subfield>
    <subfield code="d">2020-12-01</subfield>
    <subfield code="l">0</subfield>
    <subfield code="o">AP Year 1 028 DUG</subfield>
    <subfield code="p">00051765AGC</subfield>
    <subfield code="r">2024-01-23 14:59:01</subfield>
    <subfield code="w">2024-01-23</subfield>
    <subfield code="y">BK</subfield>
  </datafield>
  <datafield tag="952" ind1=" " ind2=" ">
    <subfield code="0">0</subfield>
    <subfield code="1">0</subfield>
    <subfield code="2">ddc</subfield>
    <subfield code="4">0</subfield>
    <subfield code="7">0</subfield>
    <subfield code="a">12.27</subfield>
    <subfield code="b">12.27</subfield>
    <subfield code="d">2020-12-01</subfield>
    <subfield code="l">1</subfield>
    <subfield code="o">AP Year 1 028 DUG</subfield>
    <subfield code="p">00051766AGC</subfield>
    <subfield code="r">2024-07-25 17:43:18</subfield>
    <subfield code="s">2024-05-21</subfield>
    <subfield code="w">2024-01-23</subfield>
    <subfield code="y">BK</subfield>
  </datafield>
  <datafield tag="952" ind1=" " ind2=" ">
    <subfield code="0">0</subfield>
    <subfield code="1">0</subfield>
    <subfield code="2">ddc</subfield>
    <subfield code="4">0</subfield>
    <subfield code="7">0</subfield>
    <subfield code="a">12.27</subfield>
    <subfield code="b">12.27</subfield>
    <subfield code="d">2020-12-01</subfield>
    <subfield code="l">0</subfield>
    <subfield code="o">AP Year 1 028 DUG</subfield>
    <subfield code="p">00051767AGC</subfield>
    <subfield code="r">2024-01-23 14:59:02</subfield>
    <subfield code="w">2024-01-23</subfield>
    <subfield code="y">BK</subfield>
  </datafield>
  <datafield tag="952" ind1=" " ind2=" ">
    <subfield code="0">0</subfield>
    <subfield code="1">0</subfield>
    <subfield code="2">ddc</subfield>
    <subfield code="4">0</subfield>
    <subfield code="7">0</subfield>
    <subfield code="a">12.27</subfield>
    <subfield code="b">12.27</subfield>
    <subfield code="d">2020-12-01</subfield>
    <subfield code="l">0</subfield>
    <subfield code="o">AP Year 1 028 DUG</subfield>
    <subfield code="p">00051768AGC</subfield>
    <subfield code="r">2024-01-23 14:59:02</subfield>
    <subfield code="w">2024-01-23</subfield>
    <subfield code="y">BK</subfield>
  </datafield>
  <datafield tag="952" ind1=" " ind2=" ">
    <subfield code="0">0</subfield>
    <subfield code="1">0</subfield>
    <subfield code="2">ddc</subfield>
    <subfield code="4">0</subfield>
    <subfield code="7">0</subfield>
    <subfield code="a">12.27</subfield>
    <subfield code="b">12.27</subfield>
    <subfield code="d">2020-12-01</subfield>
    <subfield code="l">0</subfield>
    <subfield code="o">AP Year 1 028 DUG</subfield>
    <subfield code="p">00051769AGC</subfield>
    <subfield code="r">2024-01-23 14:59:02</subfield>
    <subfield code="w">2024-01-23</subfield>
    <subfield code="y">BK</subfield>
  </datafield>
  <datafield tag="952" ind1=" " ind2=" ">
    <subfield code="0">0</subfield>
    <subfield code="1">0</subfield>
    <subfield code="2">ddc</subfield>
    <subfield code="4">0</subfield>
    <subfield code="7">0</subfield>
    <subfield code="a">12.27</subfield>
    <subfield code="b">12.27</subfield>
    <subfield code="d">2020-12-01</subfield>
    <subfield code="l">1</subfield>
    <subfield code="o">AP Year 1 028 DUG</subfield>
    <subfield code="p">00051770AGC</subfield>
    <subfield code="r">2024-07-31 14:25:44</subfield>
    <subfield code="s">2024-01-30</subfield>
    <subfield code="w">2024-01-23</subfield>
    <subfield code="y">BK</subfield>
  </datafield>
  <datafield tag="999" ind1=" " ind2=" ">
    <subfield code="c">116886</subfield>
    <subfield code="d">116886</subfield>
  </datafield>
</record>
